Compendio de gramática de la lengua española

Gespeichert in:
Bibliographische Detailangaben
1. Verfasser: Montoliu, M. de Autor
Format: keine Angabe
Sprache:Spanisch
Erschienen: Barcelona Seix & Barral Hnos. 1938
Katalog:MANES:  Suchergebnis im Bibliothekskatalog
Schulbuchspezifische Eigenschaften:
Tags: Tag hinzufügen
Keine Tags, Fügen Sie den ersten Tag hinzu!
Hinzugefügt zu:26.04.2016
Geändert in:20.11.2024

MARC

LEADER 000000000a22000000004500
001 18009
003 OSt
005 20241121020146.0
008 160427s sp ||||| |||| 00| 0 spa d
041 1 |a spa 
040 |c centro_manes 
691 7 |a PRI 
691 0 |a SE 
100 1 |a Montoliu, M. de  |b Autor  |9 12663 
245 0 0 |a Compendio de gramática de la lengua española 
260 3 |a Barcelona  |b Seix & Barral Hnos.  |c 1938 
300 |a 160p  |c 14 * 17 cm 
500 |a ILUSTRACIONES: No contiene. ENCUADERNACIÓN: Cartoné. DESCRIPCIÓN CONTENIDO: Lecciones de gramática. PALABRAS CLAVE: Texto didáctico. NéMERO EJEMPLARES: 1. Nº TOPOGRÁFICO: 2488. CONSERVACIÓN: Mala. Tapas despegadas. 
690 0 |a LEN 
942 |2 ddc  |c BK 
546 |a España 
999 |c 23978  |d 23978 
999 |c manes:23978  |d 23978